000 00391nam a22001697a 4500
005 20180131110742.0
008 160630b xxu||||| |||| 00| 0 eng d
020 _a81-85749-55-8
041 _aeng
082 _a004
100 _aRai, S & Ghosh R
_93274
245 _aComputer Awareness
260 _bKatson
_c2012
300 _a513
650 _aInformation Technology
_9137
942 _cBK
999 _c4904
_d4902